000 04127nam2a2200505 4500
001 rc\1810929
005 20260320103449.0
035 _a(NLR Aleph) 010158602
090 _a10094001
_c10094001
100 _a20071224d1906 u y0rusy50 ca
101 0 _arus
102 _aRU
105 _ac z |||a|
135 _acrmn mmmaaada
200 0 _a[Т. 1]
210 _d1906
215 _a190 с., [1] л. портр.
225 1 _aБиблиотека декабристов
_vвып. 1
300 _aЗагл. обл.: Полное собрание сочинений Кондратия Федоровича Рылеева: портрет и статьи
325 _aКопия доступна в Электрон. б-ке РНБ http://vivaldi.nlr.ru/bv000030160/view
327 1 _aСодерж.: разделы: I. Статьи: Заговор 1825 года / А.И. Герцен. Воспоминание о К.Ф. Рылееве / Н. Бестужев (декабрист). Поэзия гражданской борьбы / Г. Балицкий; II. Думы; III. Поэмы: А.А. Бестужеву; Жизнеопис. Войнаровского. Войнаровский; Наливайко (отрывки); Гайдамак (отрывок из поэмы "Хмельницкий"); Палей (два отрывка); Партизаны (отрывок); IV. Стихотворения
461 0 _1001rc\1810928
_12001#$aСобрание сочинений К.Ф. Рылеева$eего портрет и статьи: А.И. Герцена, Н.А. Бестужева, Г. Балицкого$v[Т. 1]
_910093998
_aРылеев, К. Ф. (1795-1826)
_cМосква
_d1906-1907
_nиздание "Библиотеки декабристов"
_oего порт. и статьи: А.И. Герцена, Н.А. Бестужева, Г. Балицкого
_tСобрание сочинений К.Ф. Рылеева
_v[Т. 1]
464 0 _12001#$aЗаговор 1825 года$fА.И. Герцен
_1215##$aС. 1-17
_1700#1$3RU\NLR\AUTH\773922$aГерцен$bА. И.$f1812-1870$gАлександр Иванович
_tЗаговор 1825 года
_aГерцен, Александр Иванович (1812-1870)
464 0 _12001#$aВоспоминание о К.Ф. Рылееве$fСоч. Н. Бестужева-декабриста
_1215##$aС. 18-46
_1700#1$3RU\NLR\AUTH\7739732$aБестужев$bН.А.$gНиколай Александрович$f1791-1855
_tВоспоминание о К.Ф. Рылееве
_aБестужев, Николай Александрович (1791-1855)
464 0 _12001#$aПоэзия гражданской борьбы$e(К.Ф. Рылеев)$fГ. Балицкий
_1215##$aС. 47-54
_1700#1$3RU\NLR\AUTH\770267682$aБалицкий$bГ. В.$cисторик$gГригорий Васильевич
_tПоэзия гражданской борьбы
_aБалицкий, Григорий Васильевич (историк)
464 0 _12001#$aА.А. Бестужеву
_1215##$aС. 121
_tА.А. Бестужеву
464 0 _12001#$aВойнаровский
_tВойнаровский
464 0 _12001#$aНаливайко
_tНаливайко
464 0 _12001#$aГайдамак$eотрывок из поэмы "Хмельницкий"
_tГайдамак
464 0 _12001#$aПалей
_tПалей
464 0 _12001#$aПартизаны
_tПартизаны
512 1 _aПолное собрание сочинений Кондратия Федоровича Рылеева
_eпортрет и статьи
801 0 _aRU
_bNLR
_gpsbo
801 0 _aRU
_bRuMoRGB
_2psbo
801 1 _aRU
_bProSoft-M
_2rusmarc
801 2 _aRU
_bNLR
_c20110328
_2rusmarc
852 _aNLR
_j37.8.6.4(1)
856 0 _uhttp://vivaldi.nlr.ru/bv000030160/view
856 1 _uhttp://vivaldi.nlr.ru/bv000030160/cover
856 2 _uhttp://vivaldi.nlr.ru/bv000030160/text
942 _cBOOK
980 _aNB
981 3 3 _a(33) Художественная литература
_b(33) Отечественная литература